Estudios 1991

Збережено в:
Бібліографічні деталі
Співавтор: Sociedad Chilena de Derecho Internacional (Автор)
Формат: Книга
Мова:Іспанська
Опубліковано: Santiago s.n 1991
Предмети:
Теги: Додати тег
Немає тегів, Будьте першим, хто поставить тег для цього запису!

MARC

LEADER 00000nam a2200000 a 4500
001 UCX9961
003 CL-VaPUC
008 940704e19910000CL |||||||||||||||||spa|d
082 0 4 |a 341  |b SOC  |2 21 
110 2 |a Sociedad Chilena de Derecho Internacional  |e author  |9 327496 
245 1 0 |a Estudios 1991 
300 |a 289 p 
942 |c BK 
945 |d 19940704 00:00:00  |a aalvarez 
260 |a Santiago  |b s.n  |c 1991 
650 7 |a DERECHO INTERNACIONAL PUBLICO  |2 CL-VaPUC  |9 327497 
650 7 |a CASOS  |2 CL-VaPUC  |9 255604 
583 |a last modification  |c 20120812 04:23:25  |k Rodrigo Vera 
999 |c 229068  |d 229066 
952 |0 0  |1 0  |4 0  |6 341_000000000000000_SOC_1991  |7 0  |8 A  |9 229615  |a BIBDER  |b BIBDER  |d 2019-11-15  |i 2984121  |o 341 SOC 1991  |p 2984121  |r 2023-01-25  |w 2019-11-15  |y BK  |k DER